01143nas a2200265Ia 4500001001100000003000900011008004100020040001300061040001300074041001300087100004800100210001500148222001500163245007600178250001100254260002400265501008600289300001700375362002600392500016900418650004300587942000700630999001900637952022100656R137/A9849IT-RoPAU151124c99999999xx |||||||||||| ||und|| aIT-RoPAU cIT-RoPAU aITALIANO aVaccarino GiorgiogCodice Aut. SPICS: 45772 aMULTIMEDIA aMultimedia aMULTIMEDIA, ANNO 02-N.08 (1992)bRealta' Virtuali: Lo Stato Dell'"Arte" a1a ed. aTORINObSONDAc1992 bPaulus - SPICS - Società San Paolo EM (non-commercial uses only)cCopyright2015 a6 p. [23-28] aANNO 002, N.08 (1992) aRassegna di Produzioni e Tendenze di Ricerca nel Campo Delle Realtà Virtuali Dagli Stati Uniti al Giappone e Agli Stati Europei. Linee di Tendenza. Comunicazione. aCOMUNICAZIONEvPUBBLICAZIONE PERIODICA cCR c112338d112338 0010406R_137_000000000000000_A984971aSPICSbSPICSd2015-11-25l0oR137/A9849r2015-11-25 00:00:00w2015-11-25yCRzProgr. Ins: 58188 / Copia rara: NO / date import: 25.11.2015 / By Epidotti, Trombetti, Vaglietti